| 000 | 00342nam a22001577a 4500 | ||
|---|---|---|---|
| 003 | SGT | ||
| 020 | _a978-93-85915-94-9 | ||
| 082 |
_a617.7 _bO15K |
||
| 100 | _aKHURANA,A.K | ||
| 245 | _aANATOMY AND PHYSIOLOGY OF EYE | ||
| 250 | _a3RD | ||
| 260 |
_aNEW DELHI _bC.B.S PUB _c2017 |
||
| 300 | _a603 | ||
| 650 | _aAYURVEDA | ||
| 942 |
_2ddc _cBK _03 |
||
| 999 |
_c14922 _d14922 |
||